Arctic Monkeys - Knee Socks (Lyrics) - Statistics

General Stats
  • This quiz has been taken 95 times
  • The average score is 301 of 396
Answer Stats
Answer % Correct
a
98%
I
98%
knee
98%
Knee
98%
socks
98%
You
98%
you
98%
on
97%
an
95%
And
95%
and
95%
in
95%
In
95%
When
95%
your
95%
the
94%
The
94%
is
92%
know
92%
my
92%
though
92%
clock
90%
number
90%
zeros
90%
24
89%
blocked
89%
blue
89%
hour
89%
line
89%
up
89%
be
87%
calling
87%
who's
87%
even
86%
got
84%
to
84%
house
83%
wearing
83%
afternoon
81%
afternoon,
81%
around
81%
are
79%
Lacoste
78%
light
78%
night
78%
not
78%
sky
78%
walked
78%
it
76%
like
76%
Like
76%
lights
75%
were
75%
have
73%
out
73%
all
71%
drawn
71%
might
71%
mine
71%
That
71%
thought
71%
blues
70%
January
70%
long
70%
trying
70%
you're
70%
could
68%
had
67%
nights
67%
place
67%
right
67%
time
67%
very
67%
With
67%
with
67%
feeling
65%
knew
65%
Tuesday
65%
acting
63%
baby
63%
do?
63%
high
63%
made
63%
me
63%
of
63%
rainy
63%
sitting
63%
alright
62%
corner
62%
piled
62%
stranger
62%
through
62%
what
62%
cut
60%
fuse
60%
lose
60%
nothing
60%
was
60%
Yeah,
60%
coats
59%
funny
59%
lit
59%
small
59%
you'll
59%
exceptionally
57%
gloom
57%
kissing
57%
world
57%
'Cause
56%
coloured
56%
drop
56%
cough
54%
cured
54%
phonebook
54%
tongue
54%
By
52%
Ain't
51%
beginning
49%
coming
49%
queen
49%
just
48%
been
46%
true
46%
Well,
46%
winter's
46%
dreams
44%
king
44%
aren't
43%
full
43%
swing
43%
team
41%
knocking
40%
room
40%
seat
40%
always
38%
approve
38%
boots
38%
didn't
38%
half
38%
late
38%
get
37%
ghost
37%
Mean
37%
Never
37%
scruff
37%
sweet
37%
Each
35%
spot
35%
Streets
33%
hold
32%
letting
32%
stopped
30%
number's
24%
suite
10%
No matching quizzes found
Score Distribution
Percent of People with Each Score
Percentile by Number Answered
Your Score History
You have not taken this quiz